Conciliarismo y Constitucionalismo. Los orígenes conciliaristas del pensamiento constitucional. Selección de textos I.

保存先:
書誌詳細
第一著者: Gerson, Jean (autor)
その他の著者: Almain, Jacques (autor), Mair, Jean (autor), Utrera García, Juan Carlos (selección y traducción), Gómez García, Juan Antonio (traducción), Pérez Cino, Waldo (traducción)
フォーマット: 図書
出版事項: Madrid, España: Marcial Pons, 2005.
シリーズ:Politopías
主題:
タグ: タグ追加
タグなし, このレコードへの初めてのタグを付けませんか!

MARC

LEADER 00000nam a22000007a 4500
003 CL-VaPUC
005 20220822114600.0
008 220708t2005 ||||| |||| 00| 0 eng d
999 |c 436865  |d 436863 
020 |a 84-9768-223-8 
040 |c Pontificia Universidad Católica de Valparaíso 
082 7 |a 340.1 GER 2005  |2 22 
100 1 |a Gerson, Jean   |e autor  |9 872515 
245 |a Conciliarismo y Constitucionalismo.  |b  Los orígenes conciliaristas del pensamiento constitucional. Selección de textos I. 
260 |a Madrid, España:  |b Marcial Pons,   |c 2005. 
300 |a 194 páginas. 
490 |a Politopías  |n  1. 
500 |a c.1 Donación Familia Prof. Alejandro Guzmán Brito. 
583 |c 20220708  |k Catalogador Asistente 
610 |a Iglesia Católica   |x Historia   |9 872619 
650 |a Filosofía del derecho   |9 872620 
650 |a Concilios y sínodos   |9 872621 
700 |a Almain, Jacques   |e autor  |9 872516 
700 |a Mair, Jean   |e autor  |9 872517 
700 |a Utrera García, Juan Carlos   |e selección y traducción  |9 872518 
700 |a Gómez García, Juan Antonio   |e traducción  |9 872519 
700 |a Pérez Cino, Waldo   |e traducción  |9 872520 
942 |2 ddc  |c BK  |n 0 
952 |0 0  |1 0  |2 ddc  |4 0  |6 340_100000000000000_GER_2005  |7 1  |8 C_AGB  |9 584595  |a BIBDER  |b BIBDER  |d 2022-07-08  |e Donación  |i 5652736  |o 340.1 GER 2005  |p 5652736  |r 2023-01-25  |t 1  |w 2022-07-08  |y BK_US  |k AGB